00952nam a2200169Ia 450000500170000000800410001704000460005804100130010424500480011726000500016530000550021552003170027060000440058765000600063165000720069170000190076320240508073946.0130821s xx a gs mul  aCo-BoUCMbspacDavid MorenodDavid Moreno00aspaaeng10aThe great ZiegfeldcJack Perkins (Narrador) aNew York, NYbA & E Television Networksc2011 a1 videodisc (ca. 45 min.)bsound, color ; 4 3/4 in aThe greatest fairy tale never told comes to life as never before in Shrek The Musical, the highly acclaimed Broadway production based on the smash-hit movie. Featuring a fantastic score of seventeen all-new songs, along with unforgettable characters and outrageous humor, it's ogre-sized fun for the whole family1 aZiegfeld, FlovAutobiografiay1869-193217aMusicales, comedias, ETC.vAutobiografiaxDocumentales 17aPelículas cinematográficas musicalesvAutobiografiaxDocumental1 aPerkins, Jack